| 000 -LEADER |
| fixed length control field |
03131cam a2200397 i 4500 |
| 001 - CONTROL NUMBER |
| control field |
17487543 |
| 003 - CONTROL NUMBER IDENTIFIER |
| control field |
OSt |
| 005 - DATE AND TIME OF LATEST TRANSACTION |
| control field |
20180116192421.0 |
| 008 - FIXED-LENGTH DATA ELEMENTS--GENERAL INFORMATION |
| fixed length control field |
121009s2014 enka b 001 0 eng |
| 010 ## - LIBRARY OF CONGRESS CONTROL NUMBER |
| LC control number |
2012041356 |
| 020 ## - INTERNATIONAL STANDARD BOOK NUMBER |
| International Standard Book Number |
9780415676373 (hardback) |
| 020 ## - INTERNATIONAL STANDARD BOOK NUMBER |
| International Standard Book Number |
0415676371 (hardback) |
| 020 ## - INTERNATIONAL STANDARD BOOK NUMBER |
| International Standard Book Number |
9780415676380 (pb) |
| 020 ## - INTERNATIONAL STANDARD BOOK NUMBER |
| International Standard Book Number |
041567638X (pb) |
| 020 ## - INTERNATIONAL STANDARD BOOK NUMBER |
| Canceled/invalid ISBN |
9780203408964 (ebook) |
| 040 ## - CATALOGING SOURCE |
| Original cataloging agency |
DLC |
| Language of cataloging |
eng |
| Transcribing agency |
DLC |
| Description conventions |
rda |
| Modifying agency |
DLC |
| 042 ## - AUTHENTICATION CODE |
| Authentication code |
pcc |
| 050 00 - LIBRARY OF CONGRESS CALL NUMBER |
| Classification number |
NA8480 |
| Item number |
.K755 2014 |
| 082 00 - DEWEY DECIMAL CLASSIFICATION NUMBER |
| Classification number |
720.442 |
| Edition number |
23 |
| 084 ## - OTHER CLASSIFICATION NUMBER |
| Classification number |
ARC000000 |
| -- |
ARC003000 |
| -- |
ARC005000 |
| Number source |
bisacsh |
| 100 1# - MAIN ENTRY--PERSONAL NAME |
| Personal name |
Kronenburg, Robert. |
| 9 (RLIN) |
7424 |
| 245 10 - TITLE STATEMENT |
| Title |
Architecture in motion : |
| Remainder of title |
the history and development of portable building / |
| Statement of responsibility, etc. |
Robert Kronenburg. |
| 260 ## - PUBLICATION, DISTRIBUTION, ETC. |
| Place of publication, distribution, etc. |
New York: |
| Name of publisher, distributor, etc. |
Routledge, |
| Date of publication, distribution, etc. |
2014. |
| 300 ## - PHYSICAL DESCRIPTION |
| Extent |
x, 318 pages : |
| Other physical details |
illustrations (chiefly color) ; |
| Dimensions |
26 cm |
| 504 ## - BIBLIOGRAPHY, ETC. NOTE |
| Bibliography, etc. note |
Includes bibliographical references (pages 308-313) and index. |
| 520 ## - SUMMARY, ETC. |
| Summary, etc. |
"Architecture in Motion explores the genre of portable, transportable, demountable and temporary architecture. Moving buildings are among the earliest artefacts created by man, and yet they have a persisting relevance that enables a Bedouin tent to exist in the same world as a 90,000-ton aircraft carrier. The third edition of this definitive study examines the development of the moveable building from prehistory to the present day. From familiar vernacular models such as the tent, mobile home and houseboat, to developments in military and construction engineering, all aspects of portable architecture are considered. The impact of innovative technology on the creation of portable architecture and its influence on static and permanent building design is explored. The book makes comparisons between current, commercially available products and the work of innovative designers. It explores the philosophical and technological issues raised by contemporary, experimental and futuristic prototypes, and examines the suitability to purpose of portable building solutions in shelter after disaster situations. Key examples of contemporary portable buildings are examined to reveal the exciting, innovative. A greater understanding of the nature of transitory architecture could result in a new, ecologically aware design strategy that prioritises buildings that 'tread lightly on the earth' and still convey the sense of identity and community necessary for an established responsible society. This book offers readers a unique insight into this continuously important field of design"-- |
| 650 #0 - SUBJECT ADDED ENTRY--TOPICAL TERM |
| Topical term or geographic name entry element |
Buildings, Portable. |
| 9 (RLIN) |
7425 |
| 650 #0 - SUBJECT ADDED ENTRY--TOPICAL TERM |
| Topical term or geographic name entry element |
Buildings, Temporary. |
| 9 (RLIN) |
7426 |
| 650 #0 - SUBJECT ADDED ENTRY--TOPICAL TERM |
| Topical term or geographic name entry element |
Architecture |
| General subdivision |
Technological innovations. |
| 9 (RLIN) |
7427 |
| 650 #7 - SUBJECT ADDED ENTRY--TOPICAL TERM |
| Topical term or geographic name entry element |
ARCHITECTURE / General. |
| Source of heading or term |
bisacsh |
| 9 (RLIN) |
7428 |
| 650 #7 - SUBJECT ADDED ENTRY--TOPICAL TERM |
| Topical term or geographic name entry element |
ARCHITECTURE / Buildings / Residential. |
| Source of heading or term |
bisacsh |
| 9 (RLIN) |
7429 |
| 650 #7 - SUBJECT ADDED ENTRY--TOPICAL TERM |
| Topical term or geographic name entry element |
ARCHITECTURE / History / General. |
| Source of heading or term |
bisacsh |
| 9 (RLIN) |
7430 |
| 906 ## - LOCAL DATA ELEMENT F, LDF (RLIN) |
| a |
7 |
| b |
cbc |
| c |
orignew |
| d |
1 |
| e |
ecip |
| f |
20 |
| g |
y-gencatlg |
| 942 ## - ADDED ENTRY ELEMENTS (KOHA) |
| Source of classification or shelving scheme |
|
| Koha item type |
Book |